000
00255 a2200097 4500
001
12710
100
_a
Lemaitre,Jean
245
_a
Engineering Damage Mechanics: Ductile,Creep,Fatigue and Brittle Failures.
260
_a
_b
Springer
_c
090
_c
9706
_d
9706
942
_a
NUST-CAE
_c
M
_c
36607
999
_c
247783
_d
247783